Avicii Quiz - Statistics

General Stats
  • This quiz has been taken 769 times
    551 since last reset
  • The average score is 10 of 14
Answer Stats
Q A % Correct
In what city was he born? Stockholm
92%
In what year was Avicii born? 1989
90%
In what year did Avicii stop performing live? 2016
85%
How old did he become? 28
85%
What was his real name? Tim Bergling
85%
What song was his first to be featured on the Billboard Hot 100? Levels
81%
What is the song Avicii made together with Coldplay called? A Sky Full of Stars and Heaven
70%
In what country did Avicii die? Oman
70%
What is his first album called? True
70%
Who sings in Avicii's song 'Wake Me Up'? Aloe Blacc
68%
For what company did Avicii make the song 'Taste the Feeling'? Coca-Cola
58%
Which of his songs has the second most views on YouTube? Waiting For Love
56%
What numbers are in the name of his last EP? 01
45%
What is the documentary about Avicii called? Avicii: True Stories
41%
No matching quizzes found
Score Distribution
Percent of People with Each Score
Percentile by Number Answered
Your Score History
You have not taken this quiz since the last reset